000 00739nam a2200217Ia 4500
005 20230621100123.0
008 131103s9999 xx 000 0 und d
020 _a07100 8203 7
_cGBP2.40 net
040 _aLoreto College
041 _aEnglish
082 _a301
_bSCO
100 _aScotson,John
245 _aIntroducing sociology
_b a basic introduction to sociology with chapter guides to further reading and examples of examination questions
_cJohn Scotson
260 _aLondon
_bRoutledge & Kegan Paul
_c1975
300 _a198 p.
504 _aIncludes bibliographical references, glossary, index
650 _aSociology and authropology
651 _aPhilosophy and theory of social science
850 _aLCLIB
942 _cBK
999 _c3269
_d53748